[Event "Rilton Cup"]
[Site "Stockholm SWE"]
[Date "2010.01.03"]
[EventDate "2009.12.27"]
[Round "7"]
[Result "1-0"]
[White "Mads Andersen"]
[Black "Inna Agrest"]
[WhiteElo "2294"]
[BlackElo "2180"]
[PlyCount "83"]

1. e4 e5 2. Nf3 Nc6 3. Bb5 a6 4. Bxc6 dxc6 5. O-O Ne7 6. d4
exd4 7. Qxd4 Qxd4 8. Nxd4 Ng6 9. Nc3 Bd6 10. f3 O-O 11. Be3
Re8 12. Bf2 Be5 13. Rad1 Nf4 14. Rfe1 g6 15. Bg3 h5 16. Kf2 f6
17. Rd2 Kh7 18. Red1 g5 19. Nde2 h4 20. Bxf4 gxf4 21. g3 fxg3+
22. hxg3 hxg3+ 23. Nxg3 Be6 24. Nce2 c5 25. f4 Bd6 26. Kf3 Kg7
27. f5 Bd7 28. Nf4 Kf7 29. Rh1 Rh8 30. Rdh2 Rxh2 31. Rxh2 Rg8
32. Rh7+ Rg7 33. Rh6 Bf8 34. Rg6 Rxg6 35. fxg6+ Kg7 36. Nf5+
Kg8 37. Nh5 Be6 38. g7 Bxg7 39. Nhxg7 Bxa2 40. Ne8 a5 41. Nxc7
c4 42. Nb5 1-0

[Event "Rilton Cup"]
[Site "Stockholm SWE"]
[Date "2010.01.04"]
[EventDate "2009.12.27"]
[Round "8"]
[Result "0-1"]
[White "Inna Agrest"]
[Black "Harald Logdahl"]
[WhiteElo "2180"]
[BlackElo "2214"]
[PlyCount "98"]

1. e4 Nf6 2. e5 Nd5 3. d4 d6 4. c4 Nb6 5. exd6 cxd6 6. Nc3 g6
7. Be3 Bg7 8. Rc1 O-O 9. b3 e5 10. dxe5 dxe5 11. Qxd8 Rxd8
12. c5 N6d7 13. Nf3 Nc6 14. Bc4 Na5 15. Bb5 Nf8 16. Ne4 h6
17. Nd6 f5 18. O-O e4 19. Nd2 g5 20. g3 Ng6 21. f4 gxf4
22. gxf4 Kh7 23. Kf2 Nc6 24. Bxc6 bxc6 25. N2c4 Ne7 26. Rg1
Be6 27. Na5 Bf6 28. a4 Rg8 29. b4 Rxg1 30. Rxg1 Bc3 31. Nac4
Bxc4 32. Nxc4 Bxb4 33. Bd4 Rg8 34. Rb1 a5 35. Ne3 Rd8 36. Nc2
Rxd4 37. Nxd4 Bxc5 38. Rd1 Nd5 39. h3 h5 40. h4 Kh8 41. Ke1
Ne3 42. Rc1 Bxd4 43. Rxc6 Ng2+ 44. Kd1 Nxf4 45. Rc4 Bf2
46. Rc8+ Kg7 47. Rc4 Kf6 48. Rc6+ Ke5 49. Ra6 e3 0-1

[Event "Rilton Cup"]
[Site "Stockholm SWE"]
[Date "2010.01.05"]
[EventDate "2009.12.27"]
[Round "9"]
[Result "0-1"]
[White "Jimmy Mardell"]
[Black "Inna Agrest"]
[WhiteElo "2182"]
[BlackElo "2180"]
[PlyCount "150"]

1. e4 e5 2. Nf3 Nc6 3. Bb5 a6 4. Ba4 Nf6 5. O-O b5 6. Bb3 Bc5
7. a4 Rb8 8. axb5 axb5 9. Nxe5 Nxe5 10. d4 Bxd4 11. Qxd4 d6
12. f4 c5 13. Qc3 Nc6 14. e5 Ne4 15. Qd3 c4 16. Qxe4 d5
17. Qe3 cxb3 18. Qxb3 O-O 19. Be3 d4 20. Bf2 Be6 21. Qg3 Qd5
22. Rd1 b4 23. Nd2 Rfd8 24. Qd3 Bg4 25. Re1 b3 26. Bh4 Rd7
27. Ne4 bxc2 28. Qg3 h5 29. h3 Rb3 30. Qf2 Rxb2 31. Ra8+ Nb8
32. Rxb8+ Rxb8 33. hxg4 Qxe4 34. Rxe4 c1=Q+ 35. Re1 Qc3
36. gxh5 Rb2 37. Qg3 Qxg3 38. Bxg3 d3 39. Rd1 Re2 40. Kf1 Rd4
41. Bh2 Ra2 42. Bg3 Kf8 43. f5 d2 44. f6 gxf6 45. exf6 Ra5
46. Ke2 Rxh5 47. Rxd2 Rxd2+ 48. Kxd2 Rg5 49. Bd6+ Ke8 50. Ke3
Rxg2 51. Ke4 Kd7 52. Bf8 Ke6 53. Be7 Rg6 54. Bd8 Rg4+ 55. Kf3
Kf5 56. Be7 Rc4 57. Ke3 Re4+ 58. Kf3 Re6 59. Kg3 Re3+ 60. Kf2
Rb3 61. Ke2 Ke4 62. Kf2 Rb2+ 63. Kg3 Rd2 64. Bb4 Rd3+ 65. Kg4
Ke5 66. Be7 Rc3 67. Bd8 Rb3 68. Be7 Rd3 69. Kg5 Rg3+ 70. Kh4
Rg6 71. Kh3 Rxf6 72. Bxf6+ Kxf6 73. Kg4 Ke5 74. Kf3 Kf5
75. Ke3 Ke5 0-1

[Event "World Junior Championship (Girls)"]
[Site "Chotowa POL"]
[Date "2010.08.03"]
[EventDate "2010.08.03"]
[Round "1"]
[Result "0-1"]
[White "Inna Agrest"]
[Black "Spela Orehek"]
[WhiteElo "2174"]
[BlackElo "1883"]
[PlyCount "104"]

1. e4 c5 2. Nf3 g6 3. d4 Bg7 4. Nc3 cxd4 5. Nxd4 Nc6 6. Be3
Nf6 7. Bc4 O-O 8. f3 Qb6 9. Qd2 Nxe4 10. fxe4 Bxd4 11. Bxd4
Qxd4 12. Qxd4 Nxd4 13. O-O-O Nc6 14. Nd5 d6 15. Bb5 Bg4
16. Rd2 Rae8 17. c3 a6 18. Ba4 b5 19. Bb3 Rc8 20. Rf1 a5
21. h3 Be6 22. Nf4 Bd7 23. g4 Ne5 24. Nd5 Rfe8 25. Ne3 b4
26. Nd5 Bb5 27. Rh1 Bc6 28. h4 bxc3 29. bxc3 a4 30. Bc2 Bxd5
31. exd5 Rxc3 32. h5 Rec8 33. hxg6 hxg6 34. Rdh2 Nxg4 35. Rh8+
Kg7 36. Rxc8 Rxc8 37. Kd2 Nf6 38. Bxa4 Nxd5 39. Bb3 Rc5
40. Rh4 Ra5 41. Rd4 Nc7 42. a4 f5 43. Kc3 Na6 44. Bd1 Kf6
45. Be2 g5 46. Bb5 g4 47. Kc4 Nc7 48. Kb4 Nxb5 49. axb5 Ra8
50. b6 g3 51. Kb5 g2 52. Rd1 f4 0-1

[Event "World Junior Championship (Girls)"]
[Site "Chotowa POL"]
[Date "2010.08.04"]
[EventDate "2010.08.03"]
[Round "2"]
[Result "1/2-1/2"]
[White "Maria-Eugenia Ursente"]
[Black "Inna Agrest"]
[WhiteElo "1978"]
[BlackElo "2174"]
[PlyCount "72"]

1. c4 g6 2. g3 Bg7 3. Bg2 d6 4. Nc3 Nf6 5. e4 e5 6. Nge2 O-O
7. O-O Be6 8. d3 Qd7 9. f4 Bh3 10. f5 Bxg2 11. Kxg2 c6 12. Bg5
h6 13. Bxf6 Bxf6 14. Ng1 Na6 15. Nh3 Nc7 16. Nf2 Kg7 17. Ng4
Ne8 18. h4 h5 19. Ne3 Qe7 20. g4 Bxh4 21. gxh5 Qg5+ 22. Qg4
gxh5 23. Qxg5+ Bxg5 24. Kf3 Bxe3 25. Kxe3 Nf6 26. Rh1 Kh6
27. Rh3 Rg8 28. Rah1 Rg4 29. Ne2 Rag8 30. Kf3 R8g5 31. Ng3
Rf4+ 32. Ke2 Kg7 33. Nxh5+ Nxh5 34. Rxh5 Rg2+ 35. Ke1 Rxb2
36. Rh7+ Kf8 1/2-1/2

[Event "World Junior Championship (Girls)"]
[Site "Chotowa POL"]
[Date "2010.08.05"]
[EventDate "2010.08.03"]
[Round "3"]
[Result "1-0"]
[White "Inna Agrest"]
[Black "Nani Unapkoshvili"]
[WhiteElo "2174"]
[BlackElo "1997"]
[PlyCount "71"]

1. e4 b6 2. d4 Bb7 3. Bd3 e6 4. Nf3 g6 5. O-O Bg7 6. Qe2 d6
7. c3 Ne7 8. Nbd2 O-O 9. Re1 Nd7 10. Nf1 h6 11. h4 c5 12. h5
g5 13. Ng3 cxd4 14. cxd4 e5 15. dxe5 dxe5 16. Be3 Nc6 17. Nf5
Nc5 18. Rad1 Nxd3 19. Rxd3 Qc7 20. Rc3 Rac8 21. Nh2 Kh7
22. Qg4 f6 23. Rd1 Rcd8 24. Rdc1 Rc8 25. b4 a6 26. a4 b5
27. axb5 axb5 28. Bc5 Rfd8 29. Nf1 Qd7 30. Bb6 Bf8 31. Bxd8
Rxd8 32. N1e3 Qf7 33. Nd5 Rc8 34. Nfe3 Kg7 35. Nb6 Rc7
36. Ned5 1-0

[Event "World Junior Championship (Girls)"]
[Site "Chotowa POL"]
[Date "2010.08.06"]
[EventDate "2010.08.03"]
[Round "4"]
[Result "1/2-1/2"]
[White "Luiza Tomaszewska"]
[Black "Inna Agrest"]
[WhiteElo "1968"]
[BlackElo "2174"]
[PlyCount "91"]

1. e4 e5 2. Nf3 Nc6 3. Nc3 Nf6 4. Bb5 Bb4 5. O-O O-O 6. d3 d6
7. Bg5 Bxc3 8. bxc3 Qe7 9. Re1 Nd8 10. d4 Bg4 11. h3 Bh5
12. d5 h6 13. Bxf6 Qxf6 14. Re3 Qe7 15. Bd3 Bg6 16. g4 c6
17. c4 b5 18. dxc6 bxc4 19. Bxc4 Nxc6 20. Bd5 Rac8 21. c3 Nd8
22. Rb1 Qf6 23. Rb4 Rc5 24. Rb8 Ne6 25. Rxf8+ Nxf8 26. Qb3 Qe7
27. Nd2 Rc8 28. Nf1 Ne6 29. Bxe6 fxe6 30. c4 Rf8 31. Nd2 Qg5
32. Qd3 Kh7 33. Qb3 Kg8 34. Qd3 Kh7 35. Nf3 Qe7 36. Nd2 d5
37. cxd5 exd5 38. Qxd5 Rd8 39. Qa5 Rd4 40. Nf3 Rxe4 41. Rxe4
Bxe4 42. Qxe5 Qb7 43. Nd2 Bg6 44. Qe3 a5 45. a3 Qb2 46. h4
1/2-1/2

[Event "World Junior Championship (Girls)"]
[Site "Chotowa POL"]
[Date "2010.08.07"]
[EventDate "2010.08.03"]
[Round "5"]
[Result "0-1"]
[White "Inna Agrest"]
[Black "Nazerke Rysbayeva"]
[WhiteElo "2174"]
[BlackElo "2052"]
[PlyCount "98"]

1. e4 c6 2. d4 d5 3. Nc3 dxe4 4. Nxe4 Bf5 5. Ng3 Bg6 6. Nf3
Nd7 7. Bd3 e6 8. O-O Ngf6 9. Re1 Be7 10. c3 O-O 11. Bxg6 hxg6
12. Qe2 c5 13. Bg5 cxd4 14. Nxd4 Qb6 15. Rad1 Rad8 16. h4 Rfe8
17. h5 Nxh5 18. Bxe7 Nxg3 19. Qg4 Rxe7 20. Qxg3 Nf6 21. Rd3
Red7 22. Qh2 Rd5 23. Rh3 Rh5 24. Rh4 Rhd5 25. Rh3 Rh5 26. Rh4
Qxb2 27. Rxh5 gxh5 28. Qc7 Qb6 29. Qf4 Rd5 30. Qb8+ Rd8
31. Qg3 Rc8 32. Ne2 Qc7 33. Qg5 Qc5 34. Qh4 Qc4 35. Qh3 Qxa2
36. g3 Qd2 37. Qf1 Rd8 38. Ra1 a6 39. Rc1 e5 40. c4 Qd3
41. Qe1 Qd2 42. Qf1 Qd3 43. c5 Ne4 44. Kh1 Qf3+ 45. Kg1 h4
46. gxh4 Qg4+ 47. Kh2 Qxh4+ 48. Kg2 Qg4+ 49. Kh2 Nd2 0-1

[Event "World Junior Championship (Girls)"]
[Site "Chotowa POL"]
[Date "2010.08.09"]
[EventDate "2010.08.03"]
[Round "6"]
[Result "0-1"]
[White "Bayar Anu"]
[Black "Inna Agrest"]
[WhiteElo "1935"]
[BlackElo "2174"]
[PlyCount "52"]

1. e4 e5 2. Nf3 Nc6 3. Bb5 a6 4. Bxc6 dxc6 5. O-O Ne7 6. Nxe5
Qd4 7. Qh5 g6 8. Qg5 Bg7 9. Nd3 f5 10. e5 Qg4 11. Qe3 Nd5
12. Qe1 f4 13. f3 Qf5 14. Nc3 Be6 15. Nc5 O-O-O 16. Nxe6 Qxe6
17. d4 c5 18. Qe4 g5 19. Nxd5 Rxd5 20. c3 cxd4 21. cxd4 Qd7
22. b3 Rxd4 23. e6 Qe7 24. Qf5 Rd6 25. Rb1 Rf8 26. Qg4 h5 0-1

[Event "World Junior Championship (Girls)"]
[Site "Chotowa POL"]
[Date "2010.08.10"]
[EventDate "2010.08.03"]
[Round "7"]
[Result "0-1"]
[White "Inna Agrest"]
[Black "Filiz Osmanodja"]
[WhiteElo "2174"]
[BlackElo "2061"]
[PlyCount "90"]

1. e4 c5 2. Nf3 Nc6 3. d4 cxd4 4. Nxd4 Nf6 5. Nc3 d6 6. Bg5 e6
7. Qd2 Qb6 8. Nb3 Be7 9. f3 a6 10. O-O-O O-O 11. g4 Rd8
12. Be3 Qc7 13. g5 Nd7 14. f4 b5 15. Bd3 Nc5 16. Kb1 b4
17. Ne2 Bb7 18. Ng3 a5 19. f5 Bf8 20. Qg2 Nxb3 21. cxb3 Ne5
22. Bc2 Rdc8 23. Rd2 a4 24. Bd4 exf5 25. Nxf5 a3 26. bxa3 Rxa3
27. Rg1 Rca8 28. Bd1 Qc6 29. Qf2 Qa6 30. Ng3 Nd3 31. Qe2 Ne5
32. Qg2 Bc6 33. Re1 Bb5 34. Nf5 Bd3+ 35. Ka1 Rc8 36. Be2 Rxb3
37. Bxd3 Rxd3 38. Bxe5 dxe5 39. Rf2 b3 40. Rg1 Kh8 41. g6 Rdc3
42. Rb2 fxg6 43. Nh4 Rc1+ 44. Rxc1 Rxc1+ 45. Rb1 Rc2 0-1

[Event "World Junior Championship (Girls)"]
[Site "Chotowa POL"]
[Date "2010.08.11"]
[EventDate "2010.08.03"]
[Round "8"]
[Result "0-1"]
[White "Marija Dragojevic"]
[Black "Inna Agrest"]
[WhiteElo "1986"]
[BlackElo "2174"]
[PlyCount "54"]

1. e4 e5 2. Nf3 Nc6 3. d4 exd4 4. Bc4 Nf6 5. O-O Nxe4 6. Re1
d5 7. Bxd5 Qxd5 8. Nc3 Qd8 9. Rxe4+ Be7 10. Nxd4 f5 11. Rf4
O-O 12. Nxc6 Qxd1+ 13. Nxd1 bxc6 14. Rc4 c5 15. Be3 Be6
16. Rc3 c4 17. Bd4 f4 18. a3 Rad8 19. Be5 Rd5 20. Bxc7 Rc5
21. Bxf4 Rxf4 22. Re3 Rc6 23. Nc3 Bc5 24. Re2 Bg4 25. Rd2 Rd4
26. Rxd4 Bxd4 27. Na4 Rf6 0-1

[Event "World Junior Championship (Girls)"]
[Site "Chotowa POL"]
[Date "2010.08.12"]
[EventDate "2010.08.03"]
[Round "9"]
[Result "1-0"]
[White "Inna Agrest"]
[Black "Irina Petrova"]
[WhiteElo "2174"]
[BlackElo "2014"]
[PlyCount "65"]

1. e4 c5 2. Nf3 d6 3. d4 cxd4 4. Nxd4 Nf6 5. Nc3 g6 6. Be3 Bg7
7. f3 Nc6 8. Qd2 O-O 9. Bc4 Bd7 10. O-O-O Ne5 11. Bb3 Rc8
12. Kb1 Re8 13. h4 h5 14. g4 b5 15. Bh6 Nc4 16. Bxc4 Rxc4
17. Bxg7 Kxg7 18. gxh5 Nxh5 19. Nf5+ Bxf5 20. exf5 b4 21. Ne4
Qa5 22. fxg6 fxg6 23. Rhg1 Rec8 24. Rg5 Qa6 25. Rdg1 Rxc2
26. Rxg6+ Kf7 27. Qd5+ Ke8 28. Nxd6+ exd6 29. Rg8+ Ke7
30. R1g7+ Nxg7 31. Rxg7+ Kf6 32. Qg5+ Ke6 33. Re7+ 1-0

[Event "World Junior Championship (Girls)"]
[Site "Chotowa POL"]
[Date "2010.08.13"]
[EventDate "2010.08.03"]
[Round "10"]
[Result "1/2-1/2"]
[White "Patrycja Labedz"]
[Black "Inna Agrest"]
[WhiteElo "2076"]
[BlackElo "2174"]
[PlyCount "87"]

1. e4 e5 2. Nf3 Nc6 3. Bb5 a6 4. Bxc6 dxc6 5. O-O Ne7 6. d4
exd4 7. Nxd4 c5 8. Ne2 Qxd1 9. Rxd1 Bd7 10. Be3 b6 11. Nbc3
O-O-O 12. Nf4 Nc6 13. Nfd5 Ne5 14. b3 Kb7 15. Rd2 c6 16. Bg5
Re8 17. Ne3 Bc8 18. Rad1 h6 19. Bf4 g6 20. Bg3 Bg7 21. Na4 Re7
22. Kh1 h5 23. Bh4 Rd7 24. Rxd7+ Nxd7 25. Nc4 Ka7 26. Nd6 Nf6
27. Nxc8+ Rxc8 28. Bxf6 Bxf6 29. Rd7+ Kb8 30. Rxf7 Rd8 31. g3
Rd1+ 32. Kg2 Bd8 33. h4 Rd2 34. c4 Rxa2 35. Rd7 Bc7 36. Kf3
Ra3 37. Rd3 Kb7 38. Ke2 Be5 39. f4 Bd4 40. e5 b5 41. e6 Ra2+
42. Kd1 Ra1+ 43. Ke2 Ra2+ 44. Kd1 1/2-1/2

[Event "World Junior Championship (Girls)"]
[Site "Chotowa POL"]
[Date "2010.08.14"]
[EventDate "2010.08.03"]
[Round "11"]
[Result "1-0"]
[White "Inna Agrest"]
[Black "Anna Kantane"]
[WhiteElo "2174"]
[BlackElo "2097"]
[PlyCount "105"]

1. e4 e5 2. Nf3 Nc6 3. Bb5 a6 4. Ba4 Nf6 5. O-O b5 6. Bb3 Be7
7. Re1 d6 8. c3 O-O 9. h3 Na5 10. Bc2 c5 11. d4 Qc7 12. Nbd2
cxd4 13. cxd4 Nc6 14. d5 Nb4 15. Bb1 a5 16. Nf1 Bd7 17. Bd2
Rfc8 18. Ne3 Qb7 19. a3 Na6 20. b4 axb4 21. axb4 Nc7 22. Rxa8
Nxa8 23. g4 g6 24. Nh2 Nb6 25. g5 Nh5 26. Neg4 Nc4 27. Bc1 f6
28. gxf6 Nxf6 29. Bh6 Nh5 30. Qf3 Qa7 31. Bd3 Qa4 32. Rb1 Na3
33. Rb2 Nc4 34. Rb1 Na3 35. Rc1 Qxb4 36. Rxc8+ Bxc8 37. Be3
Bxg4 38. Nxg4 Kg7 39. Bh6+ Kg8 40. Be3 Kg7 41. Bh6+ Kg8
42. Ne3 Nf4 43. Qg4 Qa5 44. Bxf4 exf4 45. Qe6+ Kf8 46. Ng4 Qc7
47. Nf6 Bxf6 48. Qxf6+ Kg8 49. e5 dxe5 50. d6 Qd7 51. Be4 h5
52. Bd5+ Kh7 53. Bf7 1-0

[Event "World Junior Championship (Girls)"]
[Site "Chotowa POL"]
[Date "2010.08.15"]
[EventDate "2010.08.03"]
[Round "12"]
[Result "1-0"]
[White "Katrina Skinke"]
[Black "Inna Agrest"]
[WhiteElo "2237"]
[BlackElo "2174"]
[PlyCount "113"]

1. c4 g6 2. Nc3 Bg7 3. e4 d6 4. d3 e5 5. Be3 Nc6 6. Qd2 h6
7. h4 Nge7 8. g3 Nd4 9. Bg2 Be6 10. O-O-O Qd7 11. Kb1 a6
12. h5 g5 13. f4 gxf4 14. gxf4 exf4 15. Bxf4 O-O-O 16. Nge2
Nec6 17. Rc1 Kb8 18. Nd5 Nxe2 19. Qxe2 Nd4 20. Qd2 Rde8
21. Nb4 Bg4 22. c5 Be5 23. c6 bxc6 24. Be3 c5 25. Nd5 Qb5
26. Rc3 Kc8 27. Ra3 c6 28. Bxd4 cxd5 29. Rb3 Qa4 30. Bxe5 Rxe5
31. Qf4 Be6 32. Qf6 Qe8 33. d4 Rg5 34. exd5 Bxd5 35. Bxd5 Rxd5
36. Rc1 Rg8 37. dxc5 Qe4+ 38. Ka1 Rxc5 39. Rxc5+ dxc5
40. Qxa6+ Kc7 41. Qa7+ Kd6 42. Rb6+ Ke5 43. Qc7+ Kd4 44. Rd6+
Ke3 45. Qxc5+ Ke2 46. Qb5+ Ke3 47. Rd1 Qg4 48. Qc5+ Kf3
49. Rf1+ Ke2 50. Qf2+ Kd3 51. Qxf7 Qg2 52. Qf5+ Ke2 53. Rc1
Qg5 54. Rc2+ Ke3 55. Rc3+ Ke2 56. Qf3+ Ke1 57. Re3+ 1-0

[Event "Chess Olympiad (Women)"]
[Site "Khanty-Mansiysk RUS"]
[Date "2010.09.23"]
[EventDate "2010.09.21"]
[Round "3"]
[Result "1/2-1/2"]
[White "Inna Agrest"]
[Black "Lisandra Teresa Ordaz Valdes"]
[WhiteElo "2161"]
[BlackElo "2359"]
[PlyCount "60"]

1. e4 e5 2. Nf3 Nc6 3. Bb5 Nf6 4. O-O Bc5 5. c3 O-O 6. d4 Bb6
7. dxe5 Nxe4 8. Qd5 Nc5 9. Bg5 Ne7 10. Qd1 Ne4 11. Bh4 d5
12. Nbd2 c6 13. Bd3 Bf5 14. Qe2 Nxd2 15. Nxd2 Bxd3 16. Qxd3
Qd7 17. Bxe7 Qxe7 18. Rae1 Rad8 19. Kh1 f6 20. f4 fxe5
21. Rxe5 Qf7 22. g3 Rde8 23. Rfe1 Rxe5 24. Rxe5 Bc7 25. Re2 g5
26. fxg5 Qh5 27. Kg2 Qxg5 28. Nf3 Qf6 29. Qe3 Bb6 30. Qd3 Qg5
1/2-1/2

[Event "Chess Olympiad (Women)"]
[Site "Khanty-Mansiysk RUS"]
[Date "2010.09.24"]
[EventDate "2010.09.21"]
[Round "4"]
[Result "1-0"]
[White "Anna-Maria Botsari"]
[Black "Inna Agrest"]
[WhiteElo "2302"]
[BlackElo "2161"]
[PlyCount "97"]

1. d4 Nf6 2. c4 g6 3. Nc3 Bg7 4. e4 d6 5. f3 O-O 6. Bg5 Nbd7
7. Nh3 a6 8. a4 c5 9. d5 Qa5 10. Nf2 Ne5 11. Ra3 Re8 12. Be2
e6 13. O-O exd5 14. cxd5 Rb8 15. Qc1 Qc7 16. Qd2 b6 17. Rb1 c4
18. b4 h5 19. h3 Nh7 20. Be3 Qe7 21. f4 Nd3 22. Nxd3 cxd3
23. Bxd3 f5 24. Re1 fxe4 25. Nxe4 Bf5 26. Bf2 Qd7 27. Kh2 Rf8
28. Bxa6 Bh6 29. Ng5 Nf6 30. Bb5 Qb7 31. Bc6 Qc8 32. Re7 Qd8
33. Rae3 Ne4 34. R3xe4 Bxe4 35. Rxe4 Qf6 36. Bd4 Qf5 37. Qe3
Rbc8 38. Bxb6 h4 39. Bd4 Rc7 40. Ne6 Re7 41. a5 Rc8 42. b5
Rxe6 43. dxe6 d5 44. Bxd5 Qxd5 45. Re5 Qc4 46. Qe4 Bg7 47. e7
Re8 48. Qxg6 Qc8 49. Rc5 1-0

[Event "Chess Olympiad (Women)"]
[Site "Khanty-Mansiysk RUS"]
[Date "2010.09.25"]
[EventDate "2010.09.21"]
[Round "5"]
[Result "1-0"]
[White "Deimante Cornette"]
[Black "Inna Agrest"]
[WhiteElo "2307"]
[BlackElo "2161"]
[PlyCount "69"]

1. e4 e5 2. Nf3 Nc6 3. Bb5 f5 4. d3 fxe4 5. dxe4 Nf6 6. Qd3
Bc5 7. Nc3 d6 8. Bg5 Bd7 9. Nd5 Nb4 10. Nxb4 Bxb4+ 11. c3 Bc5
12. O-O c6 13. Bc4 h6 14. b4 hxg5 15. bxc5 g4 16. Ng5 Nd5
17. Nf7 Kxf7 18. exd5 Kf8 19. dxc6 Bxc6 20. cxd6 Qf6 21. Qg3
Rd8 22. Rad1 Rh5 23. Be2 Ba4 24. Rd2 Qh6 25. f4 e4 26. Bxg4
Rh4 27. h3 Bc6 28. Qe3 b6 29. Qd4 Qg6 30. Qe5 Re8 31. Qg5 Rxg4
32. Qxg4 Qf6 33. d7 Rd8 34. Qg5 e3 35. Rd6 1-0

[Event "Chess Olympiad (Women)"]
[Site "Khanty-Mansiysk RUS"]
[Date "2010.09.28"]
[EventDate "2010.09.21"]
[Round "7"]
[Result "0-1"]
[White "Alexandra Samaganova"]
[Black "Inna Agrest"]
[WhiteElo "2080"]
[BlackElo "2161"]
[PlyCount "106"]

1. c4 g6 2. Nc3 Bg7 3. g3 d6 4. Bg2 c5 5. e3 Nc6 6. Nge2 Nf6
7. O-O O-O 8. h3 Rb8 9. d4 Nd7 10. b3 a6 11. Bb2 Re8 12. Qd2
cxd4 13. exd4 Nf8 14. d5 Ne5 15. f4 Ned7 16. Ne4 Nf6 17. Nf2
Bd7 18. Nd4 b5 19. cxb5 axb5 20. Bc3 Qb6 21. Nc2 Rbc8 22. Rac1
Ne4 23. Bxe4 Bxc3 24. Qe2 Bxh3 25. Rfd1 Bd7 26. Kg2 Bg7
27. Nb4 e6 28. Qd3 e5 29. f5 Rxc1 30. Rxc1 Qd4 31. Nc6 Qxd3
32. Bxd3 gxf5 33. Bxb5 e4 34. Nh3 Ng6 35. a4 e3 36. Re1 Bc3
37. Re2 f4 38. Ng5 Bg4 39. Nf3 Ra8 40. Bd3 Ne5 41. Ncxe5 dxe5
42. gxf4 exf4 43. Rc2 Rc8 44. Bc4 Bf6 45. Ra2 h5 46. Be2 Bf5
47. Ng1 Bb1 48. Ba6 Ra8 49. Bb7 Rb8 50. Re2 Be4+ 51. Nf3 Rxb7
52. a5 Bxd5 53. a6 Rxb3 0-1

[Event "Chess Olympiad (Women)"]
[Site "Khanty-Mansiysk RUS"]
[Date "2010.09.29"]
[EventDate "2010.09.21"]
[Round "8"]
[Result "0-1"]
[White "Yadira Hernandez-Guerrero"]
[Black "Inna Agrest"]
[WhiteElo "2160"]
[BlackElo "2161"]
[PlyCount "78"]

1. Nf3 Nf6 2. d4 g6 3. c4 Bg7 4. Nc3 O-O 5. e4 d6 6. Be2 Nbd7
7. O-O e5 8. Be3 Re8 9. d5 Nh5 10. Ne1 Nf4 11. Nd3 Nxe2+
12. Qxe2 f5 13. f3 Nf6 14. Rac1 f4 15. Bd2 Bf8 16. Rc2 Re7
17. c5 g5 18. cxd6 cxd6 19. Nf2 h5 20. Rfc1 a6 21. h3 Rg7
22. Kf1 g4 23. Ncd1 Bd7 24. Rc7 gxh3 25. Rxb7 Rxg2 26. Qc4 Bb5
27. Rxb5 axb5 28. Qxb5 Rg3 29. Ke2 h2 30. Nh1 Rg1 31. Ndf2 h4
32. Nh3 Rxc1 33. Bxc1 Qc8 34. Qc6 Qxh3 35. Qxa8 Qg2+ 36. Kd3
Qxf3+ 37. Kd2 Qxh1 38. Qc8 Qg2+ 39. Kc3 h1=Q 0-1

[Event "Chess Olympiad (Women)"]
[Site "Khanty-Mansiysk RUS"]
[Date "2010.09.30"]
[EventDate "2010.09.21"]
[Round "9"]
[Result "0-1"]
[White "Inna Agrest"]
[Black "Deysi Estela Cori Tello"]
[WhiteElo "2161"]
[BlackElo "2368"]
[PlyCount "94"]

1. e4 e6 2. d4 d5 3. Nc3 Bb4 4. exd5 Qxd5 5. Nf3 Nf6 6. a3
Bxc3+ 7. bxc3 Qa5 8. Qd3 O-O 9. Bd2 b6 10. Ne5 Bb7 11. c4 Qa4
12. f3 Nc6 13. Nxc6 Bxc6 14. Be2 Rfd8 15. c3 e5 16. Bd1 Qa6
17. O-O e4 18. fxe4 Bxe4 19. Qg3 Bg6 20. Bf3 Rac8 21. Bg5 Rd6
22. Qh3 Re8 23. Rae1 Rde6 24. Rxe6 Rxe6 25. d5 Re7 26. d6 cxd6
27. Bd5 Qxa3 28. Qf3 Qc5+ 29. Kh1 Be4 30. Qg3 Nxd5 31. cxd5
Re8 32. Bf6 Bg6 33. Bd4 Qxd5 34. h4 h5 35. Rf3 Re4 36. Qf2 Rg4
37. Rf4 Qe6 38. Rxg4 Qxg4 39. Kg1 Kh7 40. Qe1 Qf4 41. Bf2 Qe4
42. Qd2 d5 43. Qg5 a5 44. Qd8 a4 45. Qxb6 a3 46. Qa5 Qb1+
47. Kh2 a2 0-1

[Event "Chess Olympiad (Women)"]
[Site "Khanty-Mansiysk RUS"]
[Date "2010.10.03"]
[EventDate "2010.09.21"]
[Round "11"]
[Result "1-0"]
[White "Inna Agrest"]
[Black "Daniela Cordero"]
[WhiteElo "2161"]
[BlackElo "2055"]
[PlyCount "67"]

1. e4 c6 2. d4 d5 3. Nc3 dxe4 4. Nxe4 Nd7 5. Nf3 Ngf6 6. Neg5
h6 7. Nh3 e6 8. Bd3 c5 9. c3 cxd4 10. cxd4 Bb4+ 11. Bd2 Qa5
12. O-O Bxd2 13. Nxd2 O-O 14. Nc4 Qb4 15. Nf4 b5 16. a3 Qe7
17. Ne5 a6 18. Re1 Nb6 19. Re3 Nbd5 20. Nxd5 Nxd5 21. Rg3 Nf6
22. Qd2 Kh8 23. Rh3 Ng8 24. Qf4 Bb7 25. Rc1 Rac8 26. Rxc8 Bxc8
27. g4 g5 28. Qe4 Nf6 29. Rxh6+ Kg7 30. Rxf6 Kxf6 31. Ng6 Qd6
32. Nxf8 Qxf8 33. Qe5+ Ke7 34. Qc5+ 1-0

[Event "World Junior Championships (Girls)"]
[Site "Chennai IND"]
[Date "2011.08.02"]
[EventDate "2011.08.01"]
[Round "1"]
[Result "1/2-1/2"]
[White "Inna Agrest"]
[Black "Gole Shweta"]
[WhiteElo "2220"]
[BlackElo "1922"]
[PlyCount "72"]

1. e4 c5 2. Nf3 d6 3. d4 cxd4 4. Nxd4 Nf6 5. Nc3 a6 6. Bg5 e6
7. f4 Qb6 8. Qd3 Qxb2 9. Rb1 Qa3 10. Bxf6 gxf6 11. f5 Qc5
12. fxe6 fxe6 13. Be2 h5 14. Nb3 Qg5 15. O-O Nd7 16. Qd2 b5
17. Qd4 Rg8 18. Qf2 Ne5 19. Nd4 Ng4 20. Bxg4 Qxg4 21. Qf3 Bh6
22. Nd1 Ra7 23. Rb3 Rag7 24. g3 Qxf3 25. Rfxf3 Rg6 26. Nf2 h4
27. Kf1 hxg3 28. hxg3 Kd7 29. Rfd3 Rg5 30. Nf3 Rc5 31. e5 Rxc2
32. Ne4 Rf8 33. exf6 Bb7 34. Ne5+ Kc7 35. Rdc3+ Kd8 36. Nxd6
Rxf6+ 1/2-1/2

[Event "World Junior Championships (Girls)"]
[Site "Chennai IND"]
[Date "2011.08.11"]
[EventDate "2011.08.02"]
[Round "9"]
[Result "0-1"]
[White "Uuganbayar Lkhamsuren"]
[Black "Inna Agrest"]
[WhiteElo "2163"]
[BlackElo "2220"]
[PlyCount "58"]

1. e4 e5 2. Nf3 Nc6 3. Bb5 a6 4. Ba4 Nf6 5. O-O b5 6. Bb3 Bc5
7. c3 d6 8. a4 Rb8 9. d4 Bb6 10. axb5 axb5 11. Qd3 O-O 12. Bg5
h6 13. Bxf6 Qxf6 14. Qxb5 Ne7 15. dxe5 Qf4 16. Kh1 Bg4
17. Nbd2 Bc5 18. Qa4 dxe5 19. h3 Bc8 20. Ra2 g5 21. Qc4 Bb6
22. Qb5 c5 23. Nc4 Bxh3 24. Nfxe5 Be6 25. g3 Qxe4+ 26. f3 Qe2
27. Raa1 Bxc4 28. Nxc4 Bc7 29. Rae1 Qxf1+ 0-1

[Event "World Junior Championships (Girls)"]
[Site "Chennai IND"]
[Date "2011.08.12"]
[EventDate "2011.08.02"]
[Round "10"]
[Result "1-0"]
[White "Inna Agrest"]
[Black "P Michelle Catherina"]
[WhiteElo "2220"]
[BlackElo "2052"]
[PlyCount "71"]

1. e4 e5 2. Nf3 Nc6 3. Bb5 a6 4. Ba4 Nf6 5. d3 Bc5 6. O-O b5
7. Bb3 d6 8. c3 h6 9. Re1 O-O 10. Nbd2 Ne7 11. Nf1 Ng6 12. Ng3
Re8 13. h3 Bb6 14. a4 Rb8 15. d4 c5 16. Bc2 exd4 17. cxd4 Bb7
18. d5 Bc8 19. axb5 axb5 20. b4 Nd7 21. bxc5 Bxc5 22. Nd4 Nde5
23. Rb1 Qf6 24. Ndf5 Bxf5 25. exf5 Nh4 26. Rf1 g6 27. Rb3 Nxf5
28. Bxf5 gxf5 29. Nh5 Qh4 30. Bxh6 Kh7 31. Bg7 Ng4 32. hxg4
fxg4 33. Bf6 Bxf2+ 34. Rxf2 Qxh5 35. g3 Qh3 36. Rh2 1-0

[Event "World Junior Championships (Girls)"]
[Site "Chennai IND"]
[Date "2011.08.13"]
[EventDate "2011.08.02"]
[Round "11"]
[Result "1-0"]
[White "Deysi Estela Cori Tello"]
[Black "Inna Agrest"]
[WhiteElo "2376"]
[BlackElo "2220"]
[PlyCount "101"]

1. d4 Nf6 2. Nf3 g6 3. g3 Bg7 4. Bg2 O-O 5. O-O d6 6. c4 Nbd7
7. Qc2 e5 8. Rd1 Qe7 9. Nc3 c6 10. b3 Re8 11. e4 exd4 12. Nxd4
Nc5 13. f3 a5 14. Be3 Nfd7 15. Bf2 Ne5 16. h3 a4 17. Rab1 axb3
18. axb3 Na6 19. Qa2 Nc7 20. Qe2 Ne6 21. f4 Nd7 22. Qd2 h5
23. Nde2 Bf8 24. b4 Ng7 25. b5 Nf6 26. bxc6 bxc6 27. Nd4 Qc7
28. Nxc6 Qxc6 29. e5 d5 30. exf6 Qxf6 31. Nxd5 Qd8 32. Bb6 Qd6
33. c5 Qe6 34. Nc7 Qc4 35. Rbc1 Qa4 36. Nxa8 Nf5 37. Nc7 Re3
38. Ra1 Qc4 39. Rdc1 Qb3 40. Rcb1 Qc4 41. Rb4 Qc3 42. Qxc3
Rxc3 43. Ra8 Bd7 44. Nd5 Rc1+ 45. Kh2 Be6 46. Rb2 h4 47. g4
Ng3 48. Nf6+ Kg7 49. c6 g5 50. Bd4 Rd1 51. Be5 1-0